000 00363nam a22001457a 4500
003 OSt
020 _a9788131726068
040 _c0
_d0
082 _222
_a005.117
100 _aDeacon, John.
245 _aObject oriented analysis and design /
260 _aNew Delhi,
_bPearson Education,
_cc2010.
300 _axxxiii,598 p. ;
_bill. ;
_c24 cm.
942 _2ddc
_cIT
_08
999 _c4896
_d4896